Statistics for Studio Ghibli Characters #2

Click here to take the quiz!

General Stats

  • This quiz has been taken 11 times
  • The average score is 6 of 20

Answer Stats

Answer% Correct
Arrietty
100%
The Soot Sprites
57%
Mei
43%
The Baron
43%
Yubaba
43%
Jiji
29%
Moro
29%
Pazu
29%
Sosuke
29%
Tombo
29%
Asbel
14%
Donald Curtis
14%
Fio
14%
Kamaji
14%
Kushana
14%
Lin
14%
Markl
14%
The God Warrior
14%
The Witch of the Waste
14%
Yakul
14%

Score Distribution

Percentile by Number Answered

Percent of People with Each Score

Your Score History

You have not taken this quiz